000 00824cab a2200265 4500
001 WB3211-54
008 090401t1996 xxu||||| |||| 00| 0 eng d
035 _a(Sirsi) u50977
041 _aeng
245 _aResidential estate agency services
260 _c1996
350 _a0
490 _aOFT Press Release
_v(07/96) 13 March 1996
490 _aScotsman
_v14 March 1996, 1(7)
520 _aThe Monopolies and Mergers Commission are to investigate the activities of solicitors supplying estate agency services in Scotland.
650 _aESTATE AGENTS
650 _aINVESTIGATION
650 _aRESIDENTIAL ESTATE AGENCY SERVICES
650 _aSCOTLAND
650 _aSERVICES
650 _aSOLICITORS
690 _aMANAGEMENT-BUSINESS MANAGEMENT-PROFESSIONAL PRACTICE
942 _n0
948 _c04/03/1997
999 _c31811
_d31811